Tiêu chuẩn Việt Nam: Cao su. Phương pháp xác định giới hạn giòn nhiệt: TCVN 5321-91 /
Tiêu chuẩn này áp dụng cho cao su và qui định phương pháp thử độ giòn khi uốn.
Guardado en:
| Autor principal: | |
|---|---|
| Formato: | Libro |
| Lenguaje: | Vietnamese |
| Publicado: |
H. :
Ủy ban khoa học và kỹ thuật nhà nước ,
1991
|
| Edición: | In lần thứ 1 |
| Materias: | |
| Etiquetas: |
Agregar Etiqueta
Sin Etiquetas, Sea el primero en etiquetar este registro!
|
| Thư viện lưu trữ: | Thư viện Trường CĐ Kỹ Thuật Cao Thắng |
|---|
| LEADER | 01059nam a2200229 a 4500 | ||
|---|---|---|---|
| 001 | TVCDKTCT4832 | ||
| 003 | Thư viện trường Cao đẳng Kỹ thuật Cao Thắng | ||
| 005 | 20060420000000 | ||
| 008 | 060420 | ||
| 980 | \ | \ | |a Thư viện Trường CĐ Kỹ Thuật Cao Thắng |
| 024 | |a RG_1 #1 eb0 i1 | ||
| 041 | 0 | # | |a vie |
| 082 | # | # | |a 389.678.2 / |b T309C-c |
| 100 | 1 | # | |a Trung tâm tiêu chuẩn-chất lượng |
| 245 | 0 | 0 | |a Tiêu chuẩn Việt Nam: Cao su. Phương pháp xác định giới hạn giòn nhiệt: TCVN 5321-91 / |c Trung tâm tiêu chuẩn-chất lượng |
| 250 | # | # | |a In lần thứ 1 |
| 260 | # | # | |a H. : |b Ủy ban khoa học và kỹ thuật nhà nước , |c 1991 |
| 300 | # | # | |a 9tr. ; |c 27cm |
| 520 | # | # | |a Tiêu chuẩn này áp dụng cho cao su và qui định phương pháp thử độ giòn khi uốn. |
| 520 | # | # | |a Tiêu chuẩn này phù hợp với ST SEV 2050-79 |
| 650 | # | 4 | |a Cao su--phương pháp thử |
| 650 | # | 4 | |a Tiêu chuẩn kỹ thuật |